| 000 | 00563cam a2200169 a 4500 | ||
|---|---|---|---|
| 020 | _a9712201538 | ||
| 040 | _cDLC | ||
| 082 | _a633 INT 2001 A052 Or. | ||
| 100 | 1 | _aRoder, Walter. | |
| 245 | 1 | 0 |
_aSlash-and-burn rice systems in the hills of Northern Lao PDR : _bdescription, challenges, and opportunities / |
| 260 |
_a[Los BaƱos] : _bInternational Rice Research Institute, _c2001. |
||
| 300 |
_avi, 201 p. : _bill., map ; _c28 cm. |
||
| 650 | 0 | _aUpland rice | |
| 650 | 0 | _aShifting cultivation | |
| 710 | 2 | _aInternational Rice Research Institute. | |
| 942 | _cEK | ||
| 999 |
_c14555 _d14555 |
||